| 000 | 00494nam a2200181Ia 4500 | ||
|---|---|---|---|
| 003 | GCL | ||
| 008 | 140319s9999 xx 000 0 eng d | ||
| 040 |
_aGCL / _cGCL |
||
| 082 | 0 | 4 |
_a291.42 _bY E |
| 100 | 1 | _aYANDELL, KELTHE | |
| 245 | 1 | 0 |
_aTHE EPISTEMOLOGY OF RELIGIOUS EXPERIENCE / _cYANDELL, KELTHE |
| 260 |
_a[S.N] : _bCAMBRIDGE UNIVERSITY PRESS ، _c1994 |
||
| 300 | _a371 P | ||
| 650 | 0 | 4 | _aKNOWLEDGE |
| 650 | 0 | 4 | _aTHEORY - RELIGION |
| 650 | 0 | 4 | _aEXPERIENCE RELIGION |
| 942 |
_2ddc _cBK |
||
| 999 |
_c24427 _d24427 |
||